Harry Potter: les Prophéties - Statistiques

Statistiques générales
  • Ce quiz a été pris 41 fois
  • Le résultat moyen est 4 sur 5
Statistiques - réponses
Information Réponses % Correct
Première apparition Harry Potter et l'Ordre du Phénix
100%
Dernière apparition Harry Potter et l'Ordre du Phénix
100%
Département Département des Mystère
86%
Lieu de "cachette" Ministère de la Magie
77%
Description Sphère en verre avec de la brume à l'interieur
60%
Aucun quiz correspondant
Distribution des résultats
% des personnes avec chaque résultat
Percentile par nombre de réponses
Votre historique - résultats
Vous n’avez pas pris ce quiz